Elektronnaja struktura i svojstva tverdych tel

Salvato in:
Dettagli Bibliografici
Natura: Libro
Lingua:russo
Pubblicazione: Sverdlovsk : Akademija nauk S.S.S.R., 1982
Soggetti:
Tags: Aggiungi Tag
Nessun Tag, puoi essere il primo ad aggiungerne!!

MARC

LEADER 00000nam a22000003a 4500
001 stu35858
005 20141122054322.1
008 920515s1982----xxr-----------------rus-d
040 |a STU  |b slo 
041 0 |a rus 
044 |a xxr 
080 |a 539.2 
245 |a Elektronnaja struktura i svojstva tverdych tel 
260 |a Sverdlovsk :  |b Akademija nauk S.S.S.R.,  |c 1982 
300 |a 140 s 
650 7 |a fyzika tuhých látok  |2 stusub 
996 |b 284M062427  |c M*6820-1  |l MMKN  |s A  |a 24  |w stu35858_0001